Mots par leur écriture phonétique #1 - Statistiques

Statistiques générales
  • Ce quiz a été pris 59 fois
    40 depuis la dernière actualisation
  • Le résultat moyen est 14 sur 20
Statistiques - réponses
API Mot % Correct
flam Flamme
96%
kaskad Cascade
89%
fʁɔmaʒ Fromage
89%
tapi Tapis
89%
suʁiʁ Sourire
81%
ɡʁənuj Grenouille
78%
planɛt Planète
78%
sabl Sable
78%
ʃa Chat
74%
papijɔ̃ Papillon
74%
pusjɛʁ Poussière
74%
miʁwaʁ Miroir
70%
dʁaɡɔ̃ Dragon
67%
epɛ̃ɡl Épingle
67%
vɔlkɑ̃ Volcan
67%
ʁwajom Royaume
63%
tyʁkwaz Turquoise
59%
etɛ̃sɛl Étincelle
52%
pʁɛ̃tɑ̃ Printemps
52%
mɑ̃ɡ Mangue
48%
Aucun quiz correspondant
Distribution des résultats
% des personnes avec chaque résultat
Percentile par nombre de réponses
Votre historique - résultats
Vous n’avez pas pris ce quiz depuis la dernière actualisation